000 00910nam a22002177a 4500
005 20080624151852.0
008 080624t xxu||||| |||| 00| 0 hin d
010 _aHIN-46127
020 _c40.00
035 _aHN-27388
037 _bDBAD
040 _adpl
_bHN
082 _a181.499 / रजनी
100 _aरजनीश
245 _aराम नाम निज औषधिः
_cरजनीश
_bदादू वाणी /
260 _aनई दिल्ली
_bडायमंड कामिक्स
_c1999
300 _a123पृ.
_c23सेमी.
700 _aअमत साधना द्वारा संपादित
942 _cHN
_2ddc
_h181.499
_mरजनी
999 _c13949
_d13949